|
|
|
|
| LEADER |
00000cam a22000002cc4500 |
| 001 |
1092328009 |
| 003 |
DE-627 |
| 005 |
20220514130853.0 |
| 007 |
tu |
| 008 |
901120n19uuuuuuxx ||||| 00| ||und c |
| 035 |
|
|
|a (DE-627)1092328009
|
| 035 |
|
|
|a (DE-576)022328009
|
| 035 |
|
|
|a (DE-599)BSZ022328009
|
| 035 |
|
|
|a (OCoLC)311566642
|
| 040 |
|
|
|a DE-627
|b ger
|c DE-627
|e rakwb
|
| 245 |
0 |
0 |
|a Jail management
|n *
|c developed by Alice Howard Blumer
|
| 264 |
|
1 |
|a Washington, D.C.
|b U.S. Gov. Print. Office
|c 19XX
|
| 336 |
|
|
|a Text
|b txt
|2 rdacontent
|
| 337 |
|
|
|a ohne Hilfsmittel zu benutzen
|b n
|2 rdamedia
|
| 338 |
|
|
|a Band
|b nc
|2 rdacarrier
|
| 500 |
|
|
|a Bestand siehe lokale Daten
|
| 583 |
1 |
|
|a Archivierung prüfen
|c 20200919
|f DE-640
|z 1
|2 pdager
|
| 773 |
1 |
8 |
|a Jail management independent study , a course for jail administration
|w (DE-627)1092327835
|w (DE-576)022327835
|g (*)
|q *
|7 nnam
|
| 951 |
|
|
|a MV
|
| ELC |
|
|
|b 1
|
| LOK |
|
|
|0 000 xxxxxcx a22 zn 4500
|
| LOK |
|
|
|0 001 2154623530
|
| LOK |
|
|
|0 003 DE-627
|
| LOK |
|
|
|0 004 1092328009
|
| LOK |
|
|
|0 005 20020606000000
|
| LOK |
|
|
|0 008 930331||||||||||||||||ger|||||||
|
| LOK |
|
|
|0 040
|a DE-21
|c DE-627
|d DE-21
|
| LOK |
|
|
|0 852
|a DE-21
|
| LOK |
|
|
|0 852 1
|c KB 12 A 677
|9 00
|
| LOK |
|
|
|0 866
|x 1. Administration of jail operations. 2. Personnel and fiscal management. 3. Jail and community corrections programs. 4. Community relations. 5. Legal problems. 6. Jail planning.
|
| LOK |
|
|
|0 935
|a krim
|
| LOK |
|
|
|0 936ln
|a k12.5
|
| LOK |
|
|
|0 939
|a 31-03-93
|b l01
|
| ORI |
|
|
|a SA-MARC-krimdoka001.raw
|
| SIG |
|
|
|a UB: KB 12 A 677
|